Les animaux sauvages emblématiques des Alpes - Statistiques

Statistiques générales
  • Ce quiz a été pris 28 fois
  • Le résultat moyen est 7 sur 18
Statistiques - réponses
Réponse % Correct
Loup
88%
Marmotte
88%
Chamois
85%
Bouquetin
77%
Aigle Royal
62%
Renard
58%
Cerf
54%
Lynx
38%
Lièvre
27%
Vautour
27%
Chouette
19%
Hermine
19%
Faucon
15%
Hibou
12%
Tétras
12%
Choucas
8%
Gypaète
8%
Perdrix
0%
Aucun quiz correspondant
Distribution des résultats
% des personnes avec chaque résultat
Percentile par nombre de réponses
Votre historique - résultats
Vous n’avez pas pris ce quiz